| 000 | 00803nam a2200265Ia 4500 | ||
|---|---|---|---|
| 008 | 191130s1997##################000#0#eng## | ||
| 020 | _a9780521585248 | ||
| 022 | _a92014265 | ||
| 040 |
_aACL _cACL |
||
| 082 | _a324.9 BRE | ||
| 100 | _aBrennan, Geoffrey | ||
| 245 |
_aDemocracy and decision : the pure theory of electoral preference _cGeoffrey Brennan, Loren Lomasky |
||
| 250 | _aReprint | ||
| 260 |
_aCambridge _bCambridge University Press _c1997 |
||
| 300 | _ax, 237 p. : ill. ; 25 cm | ||
| 500 | _aIncludes bibliographical references (p. 226-231) and index | ||
| 650 | _aDemocracy | ||
| 650 | _aPressure groups | ||
| 650 | _aSocial choice | ||
| 650 | _aVoting | ||
| 700 | _aLomasky, Loren E | ||
| 990 | _a33ed093cac10000c18a3372f798e08ad | ||
| 991 | _a152776 | ||
| 999 |
_c146792 _d146792 |
||